Biblioteca

Comentario homilético de la Biblia (Registro nro. 31747)

Detalles MARC
000 -LÍDER
Campo fijo de descripción fija 00988aam a2200289 i 4500
001 - NÚMERO DE CONTROL
Campo de control 210
003 - IDENTIFICADOR DEL NÚMERO DE CONTROL
Campo de control CO-MdFUSB
005 - FECHA Y HORA DE LA ULTIMA TRANSACCIÓN
control field 20211120123514.0
008 - ELEMENTOS DE LONGITUD FIJA -- INFORMACIÓN GENERAL
Campo fijo de descripción fija -- Información general 160602t1989 sp g |||| 00| 0 spa d
020 ## - NÚMERO INTERNACIONAL NORMALIZADO PARA LIBROS
Número Internacional Normalizado del libro 84-7645-331-0
040 ## - FUENTE DE CATALOGACIÓN
Agencia de catalogación original CO-MdFUSB
Idioma de catalogación Español
Agencia que realiza la transcripción CO-MdFUSB
Agencia que realiza la modificación CO-MdFUSB
Convenciones de la descripción rda
041 0# - CÓDIGO DE IDIOMA
Código de idioma para texto/pista de sonido o título separado spa
082 04 - NÚMERO DE CLASIFICACIÓN DECIMAL DEWEY
Número de clasificación R 251.2 S6421c
100 1# - ASIENTO PRINCIPAL--NOMBRE PERSONAL
Nombre personal Smith, James
245 00 - TÍTULO
Título del Material Comentario homilético de la Biblia
Mención de responsabilidad, etc. / James Smith
264 #1 - PRODUCCIÓN, PUBLICACIÓN, DISTRIBUCIÓN, MANUFACTURA, Y COPYRIGHT
Lugar de producción, publicación, distribución, manufactura Barcelona , España
Nombre del productor, publicador, distribuidor : CLIE,
Fecha de producción, publicación, distribución, manufactura, o copyright [1989]
264 #4 - PRODUCCIÓN, PUBLICACIÓN, DISTRIBUCIÓN, MANUFACTURA, Y COPYRIGHT
Fecha de producción, publicación, distribución, manufactura, o copyright © 1989
300 ## - DESCRIPCIÓN FÍSICA
Extensión 404 Pag.
Dimensiones ;
336 ## - TIPO DE CONTENIDO
Fuente rdacontent
Término de tipo de contenido texto
Código de tipo de contenido txt
337 ## - TIPO DE MEDIO
Fuente rdamedia
Nombre del tipo de medio sin mediación
Código del tipo de medio n
338 ## - TIPO DE SOPORTE
Fuente rdacarrier
Nombre del tipo de soporte volumen
Código Tipo de soporte nc
505 ## - NOTA DE CONTENIDO
Nota de contenido con formato preestablecido Vol. 1 : Génesis / Mateo. Vol. 2 : Éxodo / Mateo / Marcos. Vol. 3 : Levítico / Números / Marcos / Lucas. Vol. 4 : Deuteronomio / Josué / Jueces / Lucas. Vol. 5 : Rut a 1 Reyes / Lucas. Vol. 6 : 2 Reyes a Ester / Juan
653 ## - TÉRMINO DE INDIZACIÓN - NO CONTROLADO
Término no controlado Homilética
653 ## - TÉRMINO DE INDIZACIÓN - NO CONTROLADO
Término no controlado Comentarios
942 ## - TIPO DE MATERIAL (KOHA)
Tipo de Item KOHA Libros General
945 ## - INFORMACIÓN LOCAL DEL REGISTRO
Catalogador Estudiante
Existencias
Estado de Material Estado de Perdido Forma de Clasificación Estado de Dañado No para Préstamo Colección Tomo Biblioteca de Origen Biblioteca Permanente Fecha de Adquisición Total de Préstamos Signatura Topográfica Código de Barras Última vez visto Ejemplar/Existencia Fecha de Remplazo Tipo de Material Última vez Préstado
    Dewey Decimal Classification     Colección de Referencia   Biblioteca FUSBC Biblioteca FUSBC 06/09/2004   R 251.2 S6421c 8492 11/02/2022 Vol.1,ej.1 26/01/2016 Libros de Referencia  
    Dewey Decimal Classification     Colección de Referencia   Biblioteca FUSBC Biblioteca FUSBC 06/09/2004 1 R 251.2 S6421c 8497 12/12/2019 Vol.6,ej.1 26/01/2016 Libros de Referencia 06/10/2018
    Dewey Decimal Classification     Colección de Referencia   Biblioteca FUSBC Biblioteca FUSBC 06/09/2004   R 251.2 S6421c 8496 12/12/2019 Vol.5,ej.1 26/01/2016 Libros de Referencia  
    Dewey Decimal Classification     Colección de Referencia   Biblioteca FUSBC Biblioteca FUSBC 06/09/2004   R 251.2 S6421c 8495 24/11/2022 Vol.4,ej.1 26/01/2016 Libros de Referencia  
    Dewey Decimal Classification     Colección de Referencia   Biblioteca FUSBC Biblioteca FUSBC 06/09/2004   R 251.2 S6421c 8494 28/10/2021 Vol.3,ej.1 26/01/2016 Libros de Referencia  
    Dewey Decimal Classification     Colección de Referencia   Biblioteca FUSBC Biblioteca FUSBC 06/09/2004   R 251.2 S6421c 8493 12/12/2019 Vol.2,ej.1 26/01/2016 Libros de Referencia  

Biblioteca FUSBC | Teléfono: (57+4) 349 88 10 Ext. 141| WhatsApp (+57) 3005338115 
E-mail: biblioteca@unisbc.edu.co | Calle 76 87-14 Robledo Palenque, Medellín, Colombia

Con tecnología Koha